000 01179 a2200181 4500
020 _a0072535253 (hardcover)
020 _a9780072535259 (hardcover)
082 0 4 _a658.3
090 _c5320
_d5320
100 1 _aKreitner, Robert.
245 1 0 _aOrganizational behavior /
_cRobert Kreitner.
250 _a6th ed.
260 _a[S.l.] :
_bMcgraw-Hill (Tx),
_c2003.
300 _a1 v. (unpaged) ;
_c26 cm.
520 _aThe fifth edition of this book targets undergraduates and MBA programmes. The authors approach to organizational behaviour is based on their belief that reading a textbook is hard work, but should be interesting (and sometimes fun). Thus, they consistently attempt to find a way to make complex ideas understandable through explanations, contemporary examples, and learning exercises. Wolves remain as a central theme because they provide an instructive and inspiring metaphor for modern organizational behaviour, being adaptable, dedicated team players and great communicators. These are key success attributes in the modern workplace.
856 4 0 _3Amazon.com
_uhttp://www.amazon.com/exec/obidos/ASIN/0072535253/chopaconline-20
942 _aNBS
_cBK
_k658.4 KRE
999 _c347732
_d347732